| 000 | 01003nam a2200241 a 4500 | ||
|---|---|---|---|
| 003 | AM-YEHGA | ||
| 001 | 1448814 | ||
| 005 | 20250617164604.0 | ||
| 008 | 190201s1962 ru a||||r|||||000|0|rus|| | ||
| 040 | _aAM-YeHGA | ||
| 041 | 0 | _arus | |
| 245 | 0 | 0 |
_aМосква - Чоп : _cЖелезно-дорожный путеводитель / _b[Авт. : В.В. Алексеев, А.О. Добронравова и др.]. |
| 260 |
_aМосква : _bТрансжелдориздат, _c1962. |
||
| 300 |
_a152 с. : _bил., карт. ; _c20 см. |
||
| 500 | _aАвт. разделов : Алексеев В.В., Добронравова и др. | ||
| 650 | 1 | 4 |
_aГеография _zРоссия |
| 650 | 1 | 4 |
_aЖелезные дороги _vПутеводители _zЕвропейская часть СССР |
| 651 | 4 |
_aМосква-Чоп _vПутеводители |
|
| 700 | 1 | _aДобронравова, А. О. | |
| 700 | 1 | _aАлексеев, В. В | |
| 942 |
_2udc _cBK |
||
| 090 | _c563864 | ||
| 999 |
_c526279 _d526279 |
||